Regimes of legality : (Record no. 96666)

MARC details
000 -LEADER
fixed length control field 01068nam a22002777a 4500
005 - DATE AND TIME OF LATEST TRANSACTION
control field 20151106121155.0
010 ## - LCCN (DPL NO)
LC control number ENG-113995
020 ## - INTERNATIONAL STANDARD BOOK NUMBER
Terms of availability 995.00
International Standard Book Number 0199456747
020 ## - INTERNATIONAL STANDARD BOOK NUMBER
Terms of availability 995.00
International Standard Book Number 9780199456741
035 ## - SYSTEM CONTROL NUMBER
System control number EN-97527
037 ## - SOURCE OF ACQUISITION
Source of stock number/acquisition DBAD/PUB
Stock number dpl
082 ## - DEWEY DECIMAL CLASSIFICATION NUMBER
Classification number 345.5405
245 ## - TITLE STATEMENT
Title Regimes of legality :
Statement of responsibility, etc edited by Daniela Berti and Devika Bordia
Remainder of title ethnography of criminal cases in South Asia /
260 ## - PUBLICATION, DISTRIBUTION, ETC. (IMPRINT)
Place of publication, distribution, etc New Delhi
Name of publisher, distributor, etc Oxford University Press
Date of publication, distribution, etc 2015
270 ## - ADDRESS
Address YMCA Library Building, 1, Jai Singh Road,
City New Delhi
Postal code 110001
300 ## - PHYSICAL DESCRIPTION
Extent xviii,333p.
Dimensions 23cm(Hb)
500 ## - GENERAL NOTE
General note Contributed articles.
500 ## - GENERAL NOTE
General note Includes bibliographical references and index.
650 ## - SUBJECT ADDED ENTRY--TOPICAL TERM
Topical term or geographic name as entry element Criminal justice, Administration of
Geographic subdivision South Asia.
650 ## - SUBJECT ADDED ENTRY--TOPICAL TERM
Topical term or geographic name as entry element Criminal justice, Administration of
Geographic subdivision South Asia
Form subdivision Case studies.
650 ## - SUBJECT ADDED ENTRY--TOPICAL TERM
Topical term or geographic name as entry element Ethnological jurisprudence
Geographic subdivision South Asia.
650 ## - SUBJECT ADDED ENTRY--TOPICAL TERM
Topical term or geographic name as entry element Ethnological jurisprudence
Geographic subdivision South Asia
Form subdivision Case studies.
700 ## - ADDED ENTRY--PERSONAL NAME
Personal name Berti, Daniela
700 ## - ADDED ENTRY--PERSONAL NAME
Personal name Bordia, Devika
942 ## - ADDED ENTRY ELEMENTS (KOHA)
Source of classification or shelving scheme Dewey Decimal Classification
Item type English Books
Call number suffix REG
Classification part 345.5405
Holdings
Withdrawn status Lost status Not for loan Collection code Home library Current library Date acquired Source of acquisition Cost, normal purchase price Full call number Barcode Copy number Cost, replacement price Koha item type
    Not For Loan Non-fiction D.B.Act.Division D.B.Act.Division 08/09/2015 DBAD/PUB 995.00 345.5405 REG EN-97527 1 995.00 English Books

© Delhi Public Library
Hit Counter
free hit counter